ბათუმის შოთა რუსთაველის სახელმწიფო უნივერსიტეტის ბიბლიოთეკა

ლითონთა ტექნოლოგია : საკონსტრუქციო მასალების ტექნოლოგია : (ბიბ.ჩანაწერი № 56938)

000 -ლიდერი
ფიქსირებული სიგრძის საკონტროლო ველი 01044nam a22001937a 4500
003 - საკონტროლო ნომრის იდენტიფიკატორი
საკონტროლო ველი Ge_BSU
005 - ბოლო ოპერაციის თარიღი და დრო
საკონტროლო ველი 20190628150941.0
008 - ფიქსირებული სიგრძის მონაცემთა ელემენტები - ზოგადი ინფორმაცია
ფიქსირებული სიგრძის საკონტროლო ველი 190628s1988 ||||| |||| 00| 0 geo d
041 ## - ენის კოდი
Language code of text/sound track or separate title geo
080 ## - უნივერსალური ათობითი კლასიფიკაციის ინდექსი
Universal Decimal Classification number 621.7/9(075.32) + 669.02/09(075.32 ა-65
100 ## - მთავარი ჩანაწერი - პიროვნების სახელი
Personal name ანდრიაშვილი, იოსებ.
9 (RLIN) 3050
245 ## - ცნობა სათაურის შესახებ
Title ლითონთა ტექნოლოგია : საკონსტრუქციო მასალების ტექნოლოგია :
Remainder of title სახელმძღვ. ტექნიკუმებისათვის /
Statement of responsibility, etc იოსებ ანდრიაშვილი.
250 ## - გამოცემის ცნობა
Edition statement მე-3 შევსებული და გადამუშავებული გამოცემა
264 ## - წარმოების, გამოცემის, დისტრიბუციის და სხვა ცნობები
გამოცემის, წარმოების, დისტრიბუციის... ადგილი თბილისი :
გამოცემის, წარმოების, დისტრიბუციის... სახელწოდება განათლება,
გამოცემის, წარმოების, დისტრიბუციის... თარიღი 1988.
300 ## - ფიზიკური აღწერა
Extent 424 გვ. :
Other physical details ილ. ;
Dimensions 22 სმ.
504 ## - BIBLIOGRAPHY, ETC. NOTE
Bibliography, etc ბიბლიოგრ.: გვ. 418.
653 ## - INDEX TERM--UNCONTROLLED
Uncontrolled term ლითონების ტექნოლოგია
942 ## - ADDED ENTRY ELEMENTS (KOHA)
Source of classification or shelving scheme
Koha item type წიგნი
ეგზემპლარები
ჩამოწერის სტატუსი დაკარგული ეგზემპლარის სტატუსი კლასიფიკაციის წყარო ან თაროზე გაწყობის სქემა დაზიანების სტატუსი არ გაიცემა მუდმივი მდებარეობა (დაცვის ადგილი) ამჟამინდელი ადგილსამყოფელი თაროზე განთავსების ადგილი შეძენის თარიღი ღირებულება, შესყიდვის ნორმალური ფასი სრული შენახვის შიფრი შტრიხკოდი ბოლო ოპერაციის თარიღი ეგზემპლარის მიმდევრობითი ნომერი (კეტერი?) ფასის ძალაში შესვლის თარიღი ეგზემპლარის სახეობა საჯარო შენიშვნა
          ტექნოლოგიური ფაკულტეტის ბიბლიოთეკა ტექნოლოგიური ფაკულტეტის ბიბლიოთეკა წიგნსაცავი 2019-06-28 1.80 621.7/9(075.32) + 669.02/09(075.32 ა-65 11054 2019-06-28 11054 2019-06-28 წიგნი 1 ლ. 80 თ.
          ტექნოლოგიური ფაკულტეტის ბიბლიოთეკა ტექნოლოგიური ფაკულტეტის ბიბლიოთეკა წიგნსაცავი 2019-06-28 1.00 621.7/9(075.32) + 669.02/09(075.32 ა-65 11055 2019-06-28 11055 2019-06-28 წიგნი 1 ლ. 80 თ.
          ტექნოლოგიური ფაკულტეტის ბიბლიოთეკა ტექნოლოგიური ფაკულტეტის ბიბლიოთეკა წიგნსაცავი 2019-06-28 1.00 621.7/9(075.32) + 669.02/09(075.32 ა-65 11056 2019-06-28 11056 2019-06-28 წიგნი 1 ლ. 80 თ.